| 000 | 00000nas 2200000zi 4500 |
| 001 | 9.917422 |
| 003 | CaOODSP |
| 005 | 20230915114404 |
| 006 | m o d f |
| 007 | cr ||||||||||| |
| 008 | 221117d20112016onctr p o f0###b0fre|d |
| 040 | |aCaOODSP|bfre|erda|cCaOODSP |
| 043 | |an-cn--- |
| 086 | 1 |aF71-13F-PDF |
| 110 | 2 |aMonnaie royale canadienne.|eauteur, |eorganisme de publication. |
| 245 | 10|aRapport du ... |
| 264 | 1|a[Ottawa] : |bMonnaie royale canadienne = Royal Canadian Mint, |c[2011-2016] |
| 310 | |aTrois fois par année |
| 336 | |atexte|btxt|2rdacontent/fre |
| 337 | |ainformatique|bc|2rdamedia/fre |
| 338 | |aressource en ligne|bcr|2rdacarrier/fre |
| 362 | 1 |aParaît depuis : troisième trimestre 2011; ne paraît plus après : premier trimestre 2016. |
| 500 | |aPublié aussi en anglais sous le titre : ... report, fiscal ... |
| 588 | |aDescription d'après : troisième trimestre 2011. |
| 588 | |aDernière livraison consultée : premier trimestre 2016. |
| 610 | 20|aMonnaie royale canadienne,|ePériodiques. |
| 650 | 6|aFinances publiques|zCanada|vPériodiques. |
| 655 | 7|aPériodiques|2rvmgf |
| 775 | 08|t... report, fiscal ...|w(CaOODSP)9.917421 |
| 785 | 00|tRapport financier du ..., exercice ...|w(CaOODSP)9.917430 |